| 000 | 00778nam a22002175i 4500 | ||
|---|---|---|---|
| 001 | 167781 | ||
| 003 | ES-MaACL | ||
| 005 | 20250717063051.0 | ||
| 008 | 050928m18241825fr | |||||||| ||fre d | ||
| 040 |
_aCAM _bspa _cCAM |
||
| 100 | 0 |
_aVoltaire, _d1694-1778 _9115721 |
|
| 245 | 1 | 0 |
_aMélanges littéraires / _cde Voltaire. |
| 260 |
_aParis : _bP. Dupont, Libraire-éditeur, _c1824-1825 ( _fImprimerie de Gaultier-Laguionie) |
||
| 300 |
_a2 v. (560 ; 568 p.) ; _c21 cm. |
||
| 490 | 1 |
_aOeuvres complètes de Voltaire ; _v46 ; 47 |
|
| 650 |
_aLiteratura- _vMisceláneas. _9188751 |
||
| 700 | 1 |
_aDupont, Paul, _eed. _946109 |
|
| 830 | 0 |
_aOeuvres complètes de Voltaire ; _v46 ; 47 _9188721 |
|
| 852 |
_aES-MaACL _jF-7566-7567 _z-- Enc. hol. |
||
| 999 |
_c167781 _d167781 |
||